| 000 | 005190000a22001690004500 | ||
|---|---|---|---|
| 003 | MACL | ||
| 005 | 20160601154805.0 | ||
| 008 | 160601b xxu||||| |||| 00| 0 eng d | ||
| 040 |
_aMACL _cMACL |
||
| 041 | _aHindi | ||
| 082 | _a910 | ||
| 100 |
_aसिंहल, शशिभूषण _942774 |
||
| 245 |
_aहरियाणा _cशशिभूषण सिंहल |
||
| 260 |
_bप्रकाशन विभाग _c1972 _aनई दिल्ली |
||
| 650 |
_aTravel _961417 |
||
| 942 |
_cHIN _k910 _2ddc |
||
| 999 |
_c22464 _d22464 |
||